000 01340cam a2200313 ib4500
999 _c1140
_d1140
001 000852247
003 OSt
005 20211206092821.0
008 181026s2014 enk d b 000 1 eng d
020 _a9781447250463
_q(paperback) :
020 _a144725046X
_q(paperback)
040 _aSINLB
_beng
_cNTL
_dNTL
_eaacr2
042 _anbic
082 _aFIC HOY
100 1 _aHoyle, Tom
_eauthor.
245 1 0 _aSpiders /
_cTom Hoyle.
260 _aLondon :
_bMacmillan Children's Books,
_cc2014.
300 _a293 pages ;
_c20 cm.
336 _atext
_btxt
_2rdacontent.
337 _aunmediated
_bn
_2rdamedia.
338 _avolume
_bnc
_2rdacarrier.
440 _aAdam Grant;
_nbk. 2
520 _aAdam may have survived once, but a cult still has him in its sights. And this time he may not escape with his life ... Abbie's dad is an undercover agent, tasked with exposing dangerous cults. He's normally able to maintain his distance, but this time Abbie's worried he's in too deep. Megan was sure she and Adam were safe, but now he's gone missing on a school ski trip in Scotland and she's the only one who can help him ... The web is closing in around them.
650 0 _aCults
_vJuvenile fiction.
650 0 _aMurder
_vJuvenile fiction.
650 0 _aSuspense fiction.
800 1 _aHoyle, Tom.
_tThirteen ;
_v02.
942 _2ddc
_cFIC